Essentials of Economics / (Record no. 16138)
[ view plain ]
| 000 -LEADER | |
|---|---|
| fixed length control field | 01765cam a22003618a 4500 |
| 001 - CONTROL NUMBER | |
| control field | 15911794 |
| 005 - DATE AND TIME OF LATEST TRANSACTION | |
| control field | 20101215132145.0 |
| 008 - FIXED-LENGTH DATA ELEMENTS--GENERAL INFORMATION | |
| fixed length control field | 090918s19982010nyu | 00| 0 eng d |
| 010 ## - LIBRARY OF CONGRESS CONTROL NUMBER | |
| LC control number | 2009038939 |
| 020 ## - INTERNATIONAL STANDARD BOOK NUMBER | |
| International Standard Book Number | 9780273722410 (pbk.) |
| 040 ## - CATALOGING SOURCE | |
| Original cataloging agency | DLC |
| Transcribing agency | DLC |
| 050 00 - LIBRARY OF CONGRESS CALL NUMBER | |
| Classification number | HB171 |
| Item number | .S59 2010 |
| 082 00 - DEWEY DECIMAL CLASSIFICATION NUMBER | |
| Edition number | 22 |
| Classification number | 330 |
| Item number | SLO |
| 100 1# - MAIN ENTRY--PERSONAL NAME | |
| 9 (RLIN) | 27514 |
| Personal name | Sloman, John, |
| Dates associated with a name | 1947- |
| 245 10 - TITLE STATEMENT | |
| Title | Essentials of Economics / |
| Statement of responsibility, etc | John Sloman, Dean Garratt. |
| 250 ## - EDITION STATEMENT | |
| Edition statement | 5th ed. |
| 260 ## - PUBLICATION, DISTRIBUTION, ETC. (IMPRINT) | |
| Place of publication, distribution, etc | New York : |
| Name of publisher, distributor, etc | Prentice Hall/ Pearson, |
| Date of publication, distribution, etc | c2010. |
| 263 ## - PROJECTED PUBLICATION DATE | |
| Projected publication date | 0912 |
| 300 ## - PHYSICAL DESCRIPTION | |
| Extent | xxxiii, I20, K21, W5, 502 p. : |
| Other physical details | col. diagram, ill.; |
| Dimensions | 24 cm. |
| 650 #0 - SUBJECT ADDED ENTRY--TOPICAL TERM | |
| Topical term or geographic name as entry element | Economics. |
| 9 (RLIN) | 27515 |
| 653 ## - INDEX TERM--UNCONTROLLED | |
| Resource For college | |
| Arrived date list | October2011 |
| 653 ## - INDEX TERM--UNCONTROLLED | |
| Resource For college | |
| Arrived date list | October2011 |
| 653 ## - INDEX TERM--UNCONTROLLED | |
| Resource For college | |
| Arrived date list | October2011 |
| 700 1# - ADDED ENTRY--PERSONAL NAME | |
| Personal name | Garratt, Dean, |
| Dates associated with a name | 1970- |
| 9 (RLIN) | 27516 |
| 856 ## - ELECTRONIC LOCATION AND ACCESS | |
| Materials specified | Online source |
| Uniform Resource Identifier | <a href="http:///www.myeconlab.com">http:///www.myeconlab.com</a> |
| Public note | For obtaining access codes please call the Library on Ext. 1372 |
| 942 ## - ADDED ENTRY ELEMENTS (KOHA) | |
| Source of classification or shelving scheme | Dewey Decimal Classification |
| Item type | Book - Borrowing |
| Withdrawn status | Item status | Source of classification or shelving scheme | Damaged status | Not for loan | Vendor | Home library | Current library | Shelving location | Date acquired | Source of acquisition | Total Checkouts | Total Renewals | Full call number | Barcode | Date last seen | Date last borrowed | Koha item type |
|---|---|---|---|---|---|---|---|---|---|---|---|---|---|---|---|---|---|
| Dewey Decimal Classification | Baccah | Central Library | Central Library | First floor | 11/10/2011 | 7 | 3 | 330 SLO | 000025284 | 15/07/2025 | 15/11/2015 | Book - Borrowing | |||||
| Dewey Decimal Classification | Baccah | Central Library | Central Library | First floor | 11/10/2011 | 8 | 34 | 330 SLO | 000025275 | 15/07/2025 | 22/01/2017 | Book - Borrowing | |||||
| Dewey Decimal Classification | Baccah | Central Library | Central Library | First floor | 11/10/2011 | 11 | 24 | 330 SLO | 000025274 | 15/07/2025 | 03/12/2017 | Book - Borrowing | |||||
| Dewey Decimal Classification | Baccah | Central Library | Central Library | First floor | 11/10/2011 | 10 | 26 | 330 SLO | 000025273 | 15/07/2025 | 24/10/2016 | Book - Borrowing | |||||
| Dewey Decimal Classification | Baccah | Central Library | Central Library | First floor | 11/10/2011 | 3 | 330 SLO | 000025272 | 15/07/2025 | 27/10/2013 | NB - Book (Non borrowing) |